| 000 | 00680nam a22002057i 4500 | ||
|---|---|---|---|
| 999 |
_c22821 _d22821 |
||
| 003 | AR-CdUCM | ||
| 008 | 240409b20212021pe ||||| |||| 00| 0 spa d | ||
| 020 | _a978-612-48107-3-2 | ||
| 040 |
_aMUNICIPALIDAD PROVINCIAL DEL CUSCO _cBIBLIOTECA MUNICIPAL DEL CUSCO |
||
| 082 |
_2Segunda _a869.56 / R7816C _bR7816C |
||
| 100 |
_aRojas Loyola, Lis Geraldine _949526 |
||
| 245 | _aChiva Expiatoria / | ||
| 260 |
_aLima : _bL & R Consulting Corp. , _c2021 |
||
| 300 |
_a115 Páginas. : _c20.7 cm. |
||
| 650 |
_aLa corbata que me asfixiaba _949527 |
||
| 650 |
_aLa verdad _949528 |
||
| 650 |
_aEl abogado y los "probos" testigos _949529 |
||
| 942 |
_2ddc _cLIBROS |
||
| 945 |
_apbj _d2024-04-09 |
||